WTO and intellectual property rights (Record no. 5557)

MARC details
000 -LEADER
fixed length control field 00574cam a2200217ua 4500
001 - CONTROL NUMBER
control field 6413
005 - DATE AND TIME OF LATEST TRANSACTION
control field 20260515114039.0
008 - FIXED-LENGTH DATA ELEMENTS--GENERAL INFORMATION
fixed length control field 140510n ii |||gr||||Z||||||eng
020 ## - INTERNATIONAL STANDARD BOOK NUMBER
International Standard Book Number 81-8387-067-8
040 ## - CATALOGING SOURCE
Transcribing agency MAIN
082 ## - DEWEY DECIMAL CLASSIFICATION NUMBER
Classification number 338.7
245 ## - TITLE STATEMENT
Title WTO and intellectual property rights
Statement of responsibility, etc. By Talwar sabanna
250 ## - EDITION STATEMENT
Edition statement 1st ed.
260 ## - PUBLICATION, DISTRIBUTION, ETC.
Place of publication, distribution, etc. New delhi:
Name of publisher, distributor, etc. Serials publications,
Date of publication, distribution, etc. 2007.
300 ## - PHYSICAL DESCRIPTION
Extent vii,241p.
653 ## - INDEX TERM--UNCONTROLLED
Uncontrolled term Production
653 ## - INDEX TERM--UNCONTROLLED
Uncontrolled term World trade organization
653 ## - INDEX TERM--UNCONTROLLED
Uncontrolled term Intellectual property right
700 ## - ADDED ENTRY--PERSONAL NAME
Personal name Sabanna,Talwar,
Relator term Author.
942 ## - ADDED ENTRY ELEMENTS (KOHA)
Koha item type Books
Holdings
Withdrawn status Lost status Damaged status Not for loan Home library Current library Shelving location Date acquired Total checkouts Full call number Barcode Date last seen Copy number Price effective from Koha item type
        Naharkatiya College Library Naharkatiya College Library General stacks 09/19/2020   338.7 | SAB 17150 09/19/2020 1 09/19/2020 Books